Microfluidic Emulsion Polymerization Reactor for Preparing Uniform Size Polyer Particles with CD (UG-MAT-2016) (Record no. 561082)

000 -LEADER
fixed length control field 00439nam a2200133Ia 4500
005 - DATE AND TIME OF LATEST TRANSACTION
control field 20210429153910.0
008 - FIXED-LENGTH DATA ELEMENTS--GENERAL INFORMATION
fixed length control field 210429s9999 xx 000 0 und d
082 ## - DEWEY DECIMAL CLASSIFICATION NUMBER
Classification number 620.110 N325M
100 ## - MAIN ENTRY--PERSONAL NAME
Personal name Arooj Nawaz, Sajjad Hussain, Rabia Naseer.
9 (RLIN) 55046
245 ## - TITLE STATEMENT
Title Microfluidic Emulsion Polymerization Reactor for Preparing Uniform Size Polyer Particles with CD (UG-MAT-2016)
260 ## - PUBLICATION, DISTRIBUTION, ETC.
Place of publication, distribution, etc. SCME
Date of publication, distribution, etc. 2016
300 ## - PHYSICAL DESCRIPTION
Extent 47p.29cm.
942 ## - ADDED ENTRY ELEMENTS (KOHA)
Source of classification or shelving scheme
Koha item type
Holdings
Withdrawn status Lost status Damaged status Not for loan Permanent Location Current Location Date acquired Total Checkouts Full call number Barcode Date last seen Price effective from Koha item type
        School of Chemical & Materials Engineering (SCME) School of Chemical & Materials Engineering (SCME) 05/16/2010   620.110 N325M SCME- TH-331 04/29/2021 04/29/2021  
© 2023 Central Library, National University of Sciences and Technology. All Rights Reserved.